Normal view
MARC view
Entry Personal Name
001 - CONTROL NUMBER
- control field: 70547
003 - CONTROL NUMBER IDENTIFIER
- control field: dpl
005 - DATE AND TIME OF LATEST TRANSACTION
- control field: 20240823162149.0
008 - FIXED-LENGTH DATA ELEMENTS
- fixed length control field: 240823|| aca||aabn | a|a d
040 ## - CATALOGING SOURCE
- Original cataloging agency: dpl
- Transcribing agency: dpl
100 ## - HEADING--PERSONAL NAME
- Personal name: Dey, D.P
670 ## - SOURCE DATA FOUND
- Source citation: Work cat.: (dpl)205279: Dey, D.P., S.A Kader The Hindu Succession Act 1956/, 2022
